Accounting Classes At RVCC - Statistics

General Stats
  • This quiz has been taken 6 times
  • The average score is 3 of 7
Answer Stats
Answer % Correct
Financial Accounting
100%
Managerial Accounting
100%
Tax Accounting
67%
Accounting Coop Education I
17%
Accounting Coop Education II
17%
Accounting Systems and Softwar
17%
Payroll Accounting
17%
No matching quizzes found
Score Distribution
Percent of People with Each Score
Percentile by Number Answered
Your Score History
You have not taken this quiz